000 00651nam a2200253Ia 4500
003 OSt
005 20221007071448.0
006 a|||||r|||| 00| 0
007 ta
008 221006b |||||||| |||| 00| 0 eng d
024 _a9,477
037 _cTextual
040 _aFLL
_cFLL
_beng
041 _2eng
_aeng
082 _aZ1, N4
100 _aShearer I.A. Au.
_9688811
245 0 _aInternational law
250 _a11th
260 _aLondon
_bButterworths London
_c1994
300 _axxx,629p
_ccm.
700 _a Starke Au.
_9688812
942 _hZ1, N4
_cTEXL
_2CC
999 _c1143411
_d1143411